000 00359nam a2200145Ia 4500
008 230312s9999||||xx |||||||||||||| ||und||
020 _a1-4027-1177-8
082 _a720.19
_bSTE-H
100 _aStephano; Peter J
245 0 _aHow to Build a Great Home WorkShop
260 _bSterling
_aChina
_c2007
300 _a285
650 _aArchitecture
942 _cBK
999 _c11799
_d11799